|
|
แสดงรายละเอียดบรรณานุกรม |
|
|
Brief Record
: Get Marc (ISO 2709)
: E-mail record
: |
|
|
| LEADER 00000nam 2200000uu 4500 | |||
| 001 211522 | |||
| 003 ULIBM | |||
| 008 020711s2559 th a 000 0 tha d | |||
| 020 9786164235779 | |||
| 041 ^atha | |||
| 050 4 LB1062 พ976ค 2559 | |||
| 100 ไพฑูรย์ สินลารัตน์...[และคนอื่นๆ] | |||
| 245 คิดสร้างสรรค์ :^bสอนและสร้างได้อย่างไร/^cไพฑูรย์ สินลารัตน์...[และคนอื่นๆ] | |||
| 250 พิมพ์ครั้งที่ 1 | |||
| 260 กรุงเทพฯ :^bวิทยาลัยครุศาสตร์ มหาวิทยาลัยธุรกิจบัณฑิตย์,^c2559 | |||
| 300 78 หน้า :^bภาพประกอบ ;^c21 ซม. | |||
| 650 4 ความคิดสร้างสรรค์ | |||
| 700 0 ^aไพฑูรย์ สินลารัตน์ | |||
| 710 2 ^aมหาวิทยาลัยธุรกิจบัณฑิตย์. วิทยาลัยครุศาสตร์ | |||
| 856 ^zคิดสร้างสรรค์.pdf (สารบัญหนังสือ)^uhttp://110.164.94.213/ULIB62015//_fulltext/5/211522/20170517125637_3702.pdf | |||
| 999 ^aใช้งานได้ทุกระบบ | |||
| คุณยังไม่ได้ล็อกอิน คุณสามารถมีกิจกรรมร่วมกับเว็บไซต์ได้ แต่ต้องล็อกอินก่อน :: |
|
| สถานะ | |||||||||
| 1. | หนังสือทั่วไป | LB1062 พ976ค 2559 | On Shelf ขอยืม | ||||||
| Note:ปีงบประมาณ 2560 | |||||||||
| 2. | หนังสือทั่วไป | LB1062 พ976ค 2559 ฉ.2 | On Shelf ขอยืม | ||||||
| Note:ปีงบประมาณ 2560 | |||||||||
| 3. | หนังสือทั่วไป | LB1062 พ976ค 2559 ฉ.3 | On Shelf ขอยืม | ||||||
| Note:ปีงบประมาณ 2560 | |||||||||
| 4. | หนังสือทั่วไป | LB1062 พ976ค 2559 ฉ.4 | On Shelf ขอยืม | ||||||
| Note:ปีงบประมาณ 2560 | |||||||||
| 5. | หนังสือทั่วไป | LB1062 พ976ค 2559 ฉ.5 | On Shelf ขอยืม | ||||||
| Note:ปีงบประมาณ 2560 | |||||||||
| [แสดง 5/5 รายการ] | |||||||||
| รายการใกล้เคียง หัวเรื่อง [ความคิดสร้างสรรค์]
|
BibComment |
| คอมเมนท์ทรัพยากรรายการนี้ |
|
|